000
00356nam a2200145Ia 4500
008
151213s9999 xx 000 0 und d
100
_a
Poul Bently
245
_a
The Poetry of Ted Hughes
_c
Poul Bently
260
_a
New York
300
_a
7079 p.
650
_a
English Literature
650
_a
English Literature
700
_a
Poul Bently
999
_c
3747
_d
3747